Les obsèques nationales en France - Statistiques

Statistiques générales
  • Ce quiz a été pris 62 fois
  • Le résultat moyen est 10 sur 51
Statistiques - réponses
Année Indice 1 Indice 2 Prénom et nom % Correct
2019 Président de la République JC Jacques Chirac
91%
2017 Femme politique SV Simone Veil
82%
1885 Ecrivain VH Victor Hugo
80%
2007 Religieux - Homme politique - Pseudonyme AP Abbé Pierre
55%
1962 Président de la République RC René Coty
47%
1899 Président de la République FF Félix Faure
42%
1895 Scientifique LP Louis Pasteur
38%
1891 Président de la République JG Jules Grévy
36%
1883 Homme politique LG Léon Gambetta
35%
1950 Président de la République AL Albert Lebrun
31%
1894 Président de la République M-FS-C Marie-François Sadi-Carnot
31%
1893 Maréchal de France - Président de la République PDMM Patrice de Mac Mahon
31%
1934 Président de la République RP Raymond Poincaré
31%
1932 Président de la République PD Paul Doumer
29%
1937 Président de la République GD Gaston Doumergue
27%
1950 Homme politique LB Léon Blum
24%
1952 Général - Maréchal de France JDLDT Jean de Lattre de Tassigny
22%
1932 Homme politique - Concepteur d'une ligne AM André Maginot
20%
1929 Général - Maréchal de France, d'Angleterre et de Pologne FF Ferdinand Foch
20%
1891 Empereur du Brésil en exil P II Pierre II
20%
1945 Ecrivain PV Paul Valéry
16%
1932 Homme politique - Prix Nobel de la Paix AB Aristide Briand
15%
1957 Homme politique EH Edouard Herriot
13%
1975 Artiste - Femme JB Joséphine Baker
13%
1931 Général - Maréchal de France JJ Joseph Joffre
13%
2008 Ecrivain - Homme politique AC Aimé Césaire
11%
1967 Général - Maréchal de France AJ Alphonse Juin
11%
1893 Compositeur CG Charles Gounod
11%
1947 Général - Maréchal de France PLDH Philippe Leclerc de Hautecloque
11%
1924 Compositeur GF Gabriel Fauré
9%
2008 Dernier poilu LP Lazare Ponticelli
9%
1924 Ecrivain MB Maurice Barrès
9%
1923 Ecrivain - Pseudonyme PL Pierre Loti
9%
1936 Homme politique - Suicidé RS Roger Salengro
9%
1934 Général - Maréchal de France HL Hubert Lyautey
7%
1944 Homme politique PH Philippe Henriot
7%
1954 Ecrivain - Femme GC Gabrielle Colette
5%
1949 Général HG Henri Giraud
5%
1934 Homme politique - Assassiné LB Louis Barthou
5%
1934 Peintre AB Albert Besnard
4%
1940 Scientifique EB Edouard Branly
4%
1928 Général - Maréchal de France EF Emile Fayolle
4%
1946 Général HG Henri Gouraud
4%
1916 Général - Maréchal de France JG Joseph Gallieni
4%
1923 Général - Maréchal de France MM Michel Maunoury
4%
1941 Général - Mort accidentellement CH Charles Huntziger
2%
1936 Explorateur - Médecin J-BC Jean-Baptiste Charcot
2%
1889 Chimiste - Spécialiste des couleurs M-EC Michel-Eugène Chevreul
2%
1902 Gouverneur de l'A.O.F. NB Noël Ballay
2%
1912 Haut-fonctionnaire et Homme politique GC Georges Coulon
0%
1934 Général YD Yvon Dubail
0%
Aucun quiz correspondant
Distribution des résultats
% des personnes avec chaque résultat
Percentile par nombre de réponses
Votre historique - résultats
Vous n’avez pas pris ce quiz